Refraktérnosť nervových vlákien = Refractoriness of nerve fibres

Na minha lista:
Detalhes bibliográficos
Autor principal: Kollárová, Andrea (Author)
Outros Autores: Cocherová, Elena, 1970- (Thesis advisor)
Formato: Manuscrito Livro
Idioma:eslovaco
Publicado em: Bratislava : STU v Bratislave FEI, 2002
Assuntos:
Tags: Adicionar Tag
Sem tags, seja o primeiro a adicionar uma tag!

MARC

LEADER 00000ntm a22000003a 4500
001 stu78623
005 20160719164748.3
008 030127s2002------------------------slo-d
040 |a STU  |b slo 
041 0 |a slo 
100 1 |a Kollárová, Andrea  |4 aut 
245 1 |a Refraktérnosť nervových vlákien = Refractoriness of nerve fibres 
260 |a Bratislava :  |b STU v Bratislave FEI,  |c 2002 
300 |a 69 s 
650 7 |a elektronika  |2 stusub 
700 1 |a Cocherová, Elena,  |d 1970-  |4 ths  |u E030  |U FEI Fakulta elektrotechniky a informatiky  |T FEI Ústav elektroniky a fotoniky  |X 1900  |U E030  |Y 549  |7 A000001900